[Event "Ivy League Challenge"]
[Site "Toronto CAN"]
[Date "2023.03.24"]
[Round "1"]
[White "Turgut, Aydin"]
[Black "Shih, Matthew"]
[Result "1-0"]
[WhiteElo "2327"]
[BlackElo "1976"]
[PlyCount "79"]
[EventDate "2023.03.24"]
[EventType "team"]
[EventRounds "5"]
[EventCountry "CAN"]
[Source "ChessMix"]
[SourceDate "2023.04.01"]
[WhiteTeam "Princeton University"]
[BlackTeam "University of Toronto - B"]

1. e4 e5 2. Nf3 Nc6 3. Bc4 Nf6 4. d3 Bc5 5. c3 d6 6. O-O O-O 7. Nbd2 a5 8. Re1
Be6 9. Bb3 Re8 10. Ba4 Bd7 11. Nf1 h6 12. Ng3 Ne7 13. Bc2 Ng6 14. d4 Ba7 15. h3
b5 16. Be3 c5 17. Qd2 Qe7 18. Rad1 Rad8 19. Nf5 Qf8 20. dxe5 dxe5 21. Nd6 Be6
22. Nxe8 Rxd2 23. Nxf6+ gxf6 24. Rxd2 Kg7 25. Red1 Qe7 26. a4 b4 27. c4 b3 28.
Bxb3 Qb7 29. Bc2 Bxc4 30. Rd7 Qxb2 31. Ne1 Qb8 32. Rb1 Qa8 33. Rbb7 Bb8 34. Bb3
Nf8 35. Bxc4 Nxd7 36. Rxd7 Qxe4 37. Rxf7+ Kg6 38. Bd3 Qxd3 39. Nxd3 Kxf7 40.
Nxc5 1-0

[Event "Ivy League Challenge"]
[Site "Toronto CAN"]
[Date "2023.03.24"]
[Round "2"]
[White "Balakrishnan, Praveen"]
[Black "Nakada, Akira"]
[Result "1-0"]
[WhiteElo "2523"]
[BlackElo "2315"]
[PlyCount "87"]
[EventDate "2023.03.24"]
[EventType "team"]
[EventRounds "5"]
[EventCountry "CAN"]
[Source "ChessMix"]
[SourceDate "2023.04.01"]
[WhiteTeam "University of Chicago"]
[BlackTeam "Harvard University"]

1. e4 c6 2. d4 d5 3. e5 c5 4. Nf3 cxd4 5. Nxd4 Nc6 6. Nxc6 bxc6 7. Bd3 e6 8.
O-O Ne7 9. Re1 Ng6 10. Nd2 a5 11. c3 Ba6 12. Bc2 Be7 13. Qg4 Qb6 14. Nf3 Bc5
15. Qg3 O-O 16. Rb1 Qc7 17. Be3 Be7 18. Bg5 a4 19. Qg4 Bc8 20. Bxe7 Qxe7 21.
Ng5 f5 22. exf6 Qxf6 23. f3 h6 24. Nxe6 Nh4 25. f4 Re8 26. f5 Ra7 27. g3 Bxe6
28. Rxe6 Nf3+ 29. Kg2 Rxe6 30. fxe6 Ne5 31. Qf5 Qxf5 32. Bxf5 Kf8 33. Re1 Nc4
34. Bd3 Nd6 35. Kf3 Ke7 36. Kf4 Rb7 37. Re2 Rb8 38. Ke5 Rf8 39. Kd4 Rf3 40. Ba6
Ne4 41. c4 Kxe6 42. cxd5+ cxd5 43. Bb7 Rf5 44. Bc8+ 1-0

[Event "Ivy League Challenge"]
[Site "Toronto CAN"]
[Date "2023.03.24"]
[Round "2"]
[White "Chen, Richard"]
[Black "Turgut, Aydin"]
[Result "1/2-1/2"]
[WhiteElo "2272"]
[BlackElo "2327"]
[PlyCount "42"]
[EventDate "2023.03.24"]
[EventType "team"]
[EventRounds "5"]
[EventCountry "CAN"]
[Source "ChessMix"]
[SourceDate "2023.04.01"]
[WhiteTeam "University of Waterloo"]
[BlackTeam "Princeton University"]

1. e4 e5 2. Nf3 Nc6 3. Bc4 Bc5 4. O-O Nf6 5. d3 d6 6. c3 a6 7. a4 O-O 8. h3 Ba7
9. Re1 h6 10. Nbd2 Ne7 11. Nf1 Ng6 12. Ng3 c6 13. Bb3 Re8 14. d4 Qc7 15. Bc2
Be6 16. Be3 Rad8 17. Bd3 d5 18. exd5 exd4 19. Bxd4 Bxd4 20. dxe6 Ba7 21. exf7+
Qxf7 1/2-1/2

[Event "Ivy League Challenge"]
[Site "Toronto CAN"]
[Date "2023.03.24"]
[Round "2"]
[White "Gurevich, Daniel"]
[Black "Zhao, Ian"]
[Result "1-0"]
[WhiteElo "2446"]
[BlackElo "2307"]
[PlyCount "31"]
[EventDate "2023.03.24"]
[EventType "team"]
[EventRounds "5"]
[EventCountry "CAN"]
[Source "ChessMix"]
[SourceDate "2023.04.01"]
[WhiteTeam "Princeton University"]
[BlackTeam "University of Waterloo"]

1. d4 Nf6 2. Bf4 e6 3. e3 c5 4. Nd2 Nc6 5. Ngf3 d5 6. c3 Be7 7. Bd3 Nh5 8. Be5
f6 9. Bg3 O-O 10. Ng5 fxg5 11. Qxh5 g6 12. Qe2 Kg7 13. dxc5 Bxc5 14. h4 gxh4
15. Rxh4 e5 16. Rxh7+ 1-0

[Event "Ivy League Challenge"]
[Site "Toronto CAN"]
[Date "2023.03.24"]
[Round "2"]
[White "Li, Kyle"]
[Black "Li, William"]
[Result "0-1"]
[WhiteElo "1777"]
[BlackElo "2106"]
[PlyCount "78"]
[EventDate "2023.03.24"]
[EventType "team"]
[EventRounds "5"]
[EventCountry "CAN"]
[Source "ChessMix"]
[SourceDate "2023.04.01"]
[WhiteTeam "Princeton University"]
[BlackTeam "University of Waterloo"]

1. d4 Nf6 2. c4 b6 3. Nc3 Bb7 4. Nf3 g6 5. g3 Bg7 6. Bg2 O-O 7. O-O d6 8. Qc2
Nbd7 9. b3 c6 10. Ba3 Qc7 11. Rac1 Rfc8 12. Rfd1 Bf8 13. e4 e5 14. d5 cxd5 15.
exd5 a6 16. Bh3 b5 17. Ne4 Rd8 18. Nfd2 h6 19. Qd3 Nxe4 20. Nxe4 f5 21. Nc3
bxc4 22. bxc4 e4 23. Qe2 Ne5 24. Nb1 Bg7 25. g4 Nf3+ 26. Kh1 Qe7 27. Nd2 Qh4
28. Nxf3 Qxh3 29. Nd4 Bxd4 30. Rxd4 Qxa3 31. Qd2 Qf3+ 32. Kg1 Qxg4+ 33. Kf1
Qh3+ 34. Kg1 Qg4+ 35. Kf1 g5 36. c5 a5 37. Qe3 Ba6+ 38. Ke1 f4 39. Qa3 Qe2# 0-1

[Event "Ivy League Challenge"]
[Site "Toronto CAN"]
[Date "2023.03.24"]
[Round "2"]
[White "Moon, Ethan"]
[Black "Dai, Wenzhi"]
[Result "1-0"]
[WhiteElo "1698"]
[BlackElo "2059"]
[PlyCount "94"]
[EventDate "2023.03.24"]
[EventType "team"]
[EventRounds "5"]
[EventCountry "CAN"]
[Source "ChessMix"]
[SourceDate "2023.04.01"]
[WhiteTeam "University of Toronto - B"]
[BlackTeam "University of Toronto - A"]

1. e4 e6 2. Qe2 c5 3. g3 Nc6 4. Nf3 d6 5. Bg2 Nge7 6. O-O g6 7. d3 Bg7 8. c3
O-O 9. Be3 e5 10. a4 f5 11. Qd2 Qe8 12. Na3 Qf7 13. Ng5 Qf6 14. f4 h6 15. Nh3
Kh7 16. Nc4 Rd8 17. Rae1 Be6 18. Qe2 b6 19. Bc1 Rac8 20. fxe5 dxe5 21. Ne3 Qf7
22. exf5 gxf5 23. Nxf5 Nxf5 24. g4 Nce7 25. gxf5 Bxf5 26. Nf2 Qg6 27. Kh1 Kh8
28. Ne4 Bg4 29. Qc2 Nf5 30. Bf3 Nh4 31. Bxg4 Qxg4 32. Re3 Rf8 33. Rg1 Qh5 34.
Reg3 Rc7 35. Qd1 Nf3 36. Qe2 Rcf7 37. Be3 Qh4 38. R1g2 c4 39. Nd6 cxd3 40.
Nxf7+ Rxf7 41. Qxd3 Ne1 42. Qd5 Rf1+ 43. Rg1 Qf6 44. Rxf1 Qxf1+ 45. Rg1 Qe2 46.
Qa8+ Kh7 47. Qb7 Qf3+ 1-0

[Event "Ivy League Challenge"]
[Site "Toronto CAN"]
[Date "2023.03.24"]
[Round "2"]
[White "Moses, Kole H"]
[Black "Toliver, James"]
[Result "1-0"]
[WhiteElo "1829"]
[BlackElo "1839"]
[PlyCount "163"]
[EventDate "2023.03.24"]
[EventType "team"]
[EventRounds "5"]
[EventCountry "CAN"]
[Source "ChessMix"]
[SourceDate "2023.04.01"]
[WhiteTeam "University of Chicago"]
[BlackTeam "Harvard University"]

1. e4 c6 2. d4 d5 3. Nc3 dxe4 4. Nxe4 Nf6 5. Nxf6+ exf6 6. Be3 Bd6 7. Bd3 O-O
8. Ne2 Re8 9. O-O Nd7 10. Ng3 g6 11. Re1 Nf8 12. Ne4 Be7 13. Qf3 f5 14. Nc5 Ne6
15. Bc4 Nxd4 16. Bxd4 Qxd4 17. Qb3 Qg7 18. Rad1 Qf8 19. a4 Rd8 20. Rxd8 Bxd8
21. Bxf7+ Kg7 22. Ne6+ Bxe6 23. Bxe6 Rb8 24. Qg3 f4 25. Qb3 Bb6 26. Qc3+ Qf6
27. Qxf6+ Kxf6 28. Bc4 Rd8 29. Re6+ Kf5 30. Re1 Rd2 31. Bd3+ Kf6 32. Rf1 Kg5
33. g3 f3 34. h3 h5 35. h4+ Kf6 36. Be4 g5 37. Bxf3 gxh4 38. gxh4 Rxc2 39. b4
Rc4 40. a5 Bc7 41. a6 bxa6 42. Bxh5 Rxb4 43. Rc1 c5 44. Rxc5 Bb6 45. Rc6+ Ke5
46. Be2 a5 47. Rc4 Rb3 48. Kg2 Rb2 49. Kf3 Rb3+ 50. Kg2 Rb2 51. Kf3 Rb1 52.
Re4+ Kf6 53. Kg3 Rg1+ 54. Kh2 Rg7 55. f3 Bc7+ 56. Kh1 Be5 57. Rg4 Rd7 58. Kg2
Kf5 59. Rg5+ Kf4 60. Rg4+ Kf5 61. Rg5+ Kf6 62. Kf2 Rh7 63. Rg4 Rd7 64. Ke3 Bc3
65. Bd3 Re7+ 66. Be4 Rd7 67. Rg6+ Kf7 68. Kf4 Bf6 69. h5 a4 70. h6 Rd4 71. Kf5
Bh8 72. Ra6 Rd7 73. Rxa4 Bd4 74. Rc4 Be3 75. f4 Bd4 76. Rc8 Ke7 77. Rg8 Rd8 78.
h7 Rf8+ 79. Kg5 a5 80. f5 a4 81. Rxf8 Kxf8 82. f6 1-0

[Event "Ivy League Challenge"]
[Site "Toronto CAN"]
[Date "2023.03.24"]
[Round "2"]
[White "Qiao, Cindy"]
[Black "Zheng, Victor"]
[Result "0-1"]
[WhiteElo "1794"]
[BlackElo "1796"]
[PlyCount "86"]
[EventDate "2023.03.24"]
[EventType "team"]
[EventRounds "5"]
[EventCountry "CAN"]
[Source "ChessMix"]
[SourceDate "2023.04.01"]
[WhiteTeam "University of Toronto - A"]
[BlackTeam "University of Toronto - B"]

1. d4 Nf6 2. Bf4 g6 3. Nc3 d5 4. Nb5 Na6 5. e3 c6 6. Nc3 Nc7 7. Nf3 Bg7 8. h3
O-O 9. Be2 b6 10. Ne5 Bb7 11. h4 Ne6 12. Bh2 c5 13. f4 Ne4 14. Nxe4 dxe4 15. c3
cxd4 16. exd4 Rc8 17. h5 f6 18. Nxg6 hxg6 19. hxg6 Qd5 20. Bg3 f5 21. Rh7 Rf6
22. Bh5 Nf8 23. Bh4 Nxh7 24. gxh7+ Kxh7 25. Bxf6 Bxf6 26. Be8 Qg8 27. Qh5+ Kg7
28. Bb5 Qh8 29. Qxf5 Qh1+ 30. Bf1 Qh4+ 31. Kd2 Qf2+ 32. Be2 e3+ 33. Kd1 Qg1+
34. Kc2 Qxa1 35. Bh5 Qxa2 36. Qg6+ Kf8 37. Qh6+ Bg7 38. Qg6 Qd5 39. Bf3 Qf7 40.
Qg4 Ba6 41. Be2 Rc6 42. Bxa6 Qg6+ 43. Qxg6 Rxg6 0-1

[Event "Ivy League Challenge"]
[Site "Toronto CAN"]
[Date "2023.03.24"]
[Round "2"]
[White "Shen, Christopher"]
[Black "Liang, Awonder"]
[Result "0-1"]
[WhiteElo "2332"]
[BlackElo "2643"]
[PlyCount "66"]
[EventDate "2023.03.24"]
[EventType "team"]
[EventRounds "5"]
[EventCountry "CAN"]
[Source "ChessMix"]
[SourceDate "2023.04.01"]
[WhiteTeam "Harvard University"]
[BlackTeam "University of Chicago"]

1. c4 Nf6 2. Nf3 e6 3. Nc3 d5 4. e3 Bd6 5. b3 O-O 6. Bb2 b6 7. d4 Bb7 8. Bd3 a6
9. cxd5 exd5 10. O-O Nbd7 11. Rc1 Qe7 12. Ne2 Ne4 13. Qc2 Rac8 14. Ng3 g6 15.
Qe2 Ra8 16. Rc2 h5 17. Rfc1 h4 18. Nf1 c6 19. N3d2 f5 20. f3 Ndf6 21. Qe1 Nxd2
22. Rxd2 Qh7 23. Re2 Rae8 24. Nd2 g5 25. Bb1 Nh5 26. Qd1 Qc7 27. Nf1 Qf7 28.
Qd2 Re6 29. Rce1 Bc8 30. e4 Nf4 31. Re3 fxe4 32. fxe4 Rf6 33. Bd3 Bb4 0-1

[Event "Ivy League Challenge"]
[Site "Toronto CAN"]
[Date "2023.03.24"]
[Round "2"]
[White "Wang, Wesley"]
[Black "Chandran, Kapil"]
[Result "1-0"]
[WhiteElo "2312"]
[BlackElo "2361"]
[PlyCount "83"]
[EventDate "2023.03.24"]
[EventType "team"]
[EventRounds "5"]
[EventCountry "CAN"]
[Source "ChessMix"]
[SourceDate "2023.04.01"]
[WhiteTeam "Harvard University"]
[BlackTeam "University of Chicago"]

1. e4 c5 2. Nf3 e6 3. d4 cxd4 4. Nxd4 a6 5. Bd3 Nf6 6. O-O d6 7. f4 Qc7 8. c4
g6 9. Nc3 Bg7 10. Be3 O-O 11. Be2 b6 12. Qd3 Bb7 13. Rad1 Re8 14. Nb3 Bf8 15.
g4 Nc6 16. g5 Nd7 17. e5 Ncxe5 18. fxe5 Nxe5 19. Qd4 Qc6 20. Kf2 Rab8 21. Qf4
Rec8 22. Nd4 Qe8 23. Nf3 Bxf3 24. Bxf3 Rxc4 25. Bd4 Bg7 26. Be2 Rb4 27. a3 Rxb2
28. Ne4 Nd3+ 29. Rxd3 e5 30. Qc1 exd4 31. Qxb2 Qxe4 32. Qd2 Re8 33. Bf3 Qh4+
34. Kg1 Re5 35. Bg2 Rc5 36. Qa2 Rc7 37. Rdf3 Be5 38. h3 Qxg5 39. Rxf7 Qe3+ 40.
Kh1 Rc2 41. Qxc2 Qg3 42. Qc8# 1-0

[Event "Ivy League Challenge"]
[Site "Toronto CAN"]
[Date "2023.03.24"]
[Round "2"]
[White "Zomorrodian, Eilia"]
[Black "Li, Yunshan"]
[Result "0-1"]
[WhiteElo "2119"]
[BlackElo "2294"]
[PlyCount "118"]
[EventDate "2023.03.24"]
[EventType "team"]
[EventRounds "5"]
[EventCountry "CAN"]
[Source "ChessMix"]
[SourceDate "2023.04.01"]
[WhiteTeam "University of Toronto - B"]
[BlackTeam "University of Toronto - A"]

1. e4 c6 2. d4 d5 3. exd5 cxd5 4. c4 Nc6 5. Nc3 Nf6 6. Nf3 e6 7. c5 Ne4 8. Bb5
Nxc3 9. bxc3 Bd7 10. O-O Be7 11. a4 O-O 12. Re1 b6 13. cxb6 axb6 14. Ba3 Bxa3
15. Rxa3 Na5 16. Ne5 Bxb5 17. axb5 Qd6 18. Ra4 Rac8 19. Qa1 Rc7 20. Rxa5 bxa5
21. Qxa5 h6 22. h3 Rb7 23. Nc6 Qc7 24. Qb4 Ra8 25. Rb1 Kh7 26. g3 Rb6 27. Qc5
Qb7 28. Rb4 Rc8 29. Kg2 g6 30. h4 Kg7 31. Kg1 Kf6 32. Qd6 Qc7 33. Qc5 Rxc6 34.
bxc6 Qxc6 35. Qxc6 Rxc6 36. Rb3 Kf5 37. Kf1 Ke4 38. Ke2 Ra6 39. Rb7 Ra2+ 40.
Kf1 f5 41. Rb6 Kf3 42. Rxe6 Rxf2+ 43. Ke1 Rc2 44. Rxg6 Rxc3 45. Kd2 Ra3 46. h5
Ke4 47. Rxh6 Rxg3 48. Rf6 Rg2+ 49. Kc3 Rg3+ 50. Kb4 f4 51. h6 Rh3 52. Kc5 f3
53. Re6+ Kf5 54. Re5+ Kf4 55. Kxd5 f2 56. Re8 Rh5+ 57. Ke6 Rxh6+ 58. Ke7 Rh5
59. Ke6 Rf5 0-1

[Event "Ivy League Challenge"]
[Site "Toronto CAN"]
[Date "2023.03.25"]
[Round "3"]
[White "Chandran, Kapil"]
[Black "Zomorrodian, Eilia"]
[Result "1-0"]
[WhiteElo "2361"]
[BlackElo "2119"]
[PlyCount "89"]
[EventDate "2023.03.24"]
[EventType "team"]
[EventRounds "5"]
[EventCountry "CAN"]
[Source "ChessMix"]
[SourceDate "2023.04.01"]
[WhiteTeam "University of Chicago"]
[BlackTeam "University of Toronto - B"]

1. d4 Nf6 2. c4 g6 3. Nc3 Bg7 4. e4 O-O 5. Nf3 d6 6. Be2 e5 7. d5 a5 8. Bg5 h6
9. Bh4 Na6 10. Nd2 Qe8 11. a3 Bd7 12. b3 Nh7 13. f3 f5 14. Bf2 Nf6 15. O-O f4
16. b4 g5 17. c5 Qg6 18. c6 bxc6 19. dxc6 Bc8 20. b5 Nc5 21. Bxc5 dxc5 22. Nb3
g4 23. Nxc5 g3 24. h3 Kh8 25. Ra2 Nh7 26. Rd2 Bxh3 27. gxh3 Ng5 28. Bc4 Nxh3+
29. Kg2 Nf2 30. Rdxf2 gxf2+ 31. Kxf2 Qg3+ 32. Ke2 Rfd8 33. Nd5 Bf8 34. Ne6 Bxa3
35. Nxd8 Rxd8 36. Qa1 Bd6 37. Kd2 h5 38. Qxa5 Qg8 39. Ra1 h4 40. Be2 Qg2 41. b6
cxb6 42. Qxb6 Rb8 43. c7 Bxc7 44. Qxc7 Qg8 45. Qxe5+ 1-0

[Event "Ivy League Challenge"]
[Site "Toronto CAN"]
[Date "2023.03.25"]
[Round "3"]
[White "Dai, Wenzhi"]
[Black "Chen, Richard"]
[Result "1/2-1/2"]
[WhiteElo "2059"]
[BlackElo "2272"]
[PlyCount "118"]
[EventDate "2023.03.24"]
[EventType "team"]
[EventRounds "5"]
[EventCountry "CAN"]
[Source "ChessMix"]
[SourceDate "2023.04.01"]
[WhiteTeam "University of Toronto - A"]
[BlackTeam "University of Waterloo"]

1. e4 c5 2. c3 Nf6 3. e5 Nd5 4. d4 cxd4 5. cxd4 e6 6. Nf3 d6 7. Nc3 Nxc3 8.
bxc3 Qc7 9. Bd2 Nd7 10. Qa4 Be7 11. Bd3 O-O 12. Qc2 h6 13. Bf4 dxe5 14. Nxe5
Bd6 15. Nxd7 Bxd7 16. Bxd6 Qxd6 17. O-O Rac8 18. a4 e5 19. Qb2 exd4 20. cxd4
Bc6 21. Rfd1 Rfd8 22. Bb5 Be4 23. Rac1 Rxc1 24. Qxc1 Qg6 25. Bf1 Bc2 26. Rd2
Bxa4 27. Qc7 Qb6 28. Qxb6 axb6 29. f3 Bc6 30. Kf2 Bd5 31. Rb2 Rd6 32. Ke3 Re6+
33. Kd2 Kf8 34. Rb5 Rd6 35. Ke3 Ke7 36. Bd3 Re6+ 37. Kd2 Rd6 38. Ke3 Kd7 39.
Be4 Bc4 40. Rb4 b5 41. Bd3 Bxd3 42. Kxd3 Rd5 43. Ke4 Kd6 44. g4 g6 45. f4 f5+
46. gxf5 gxf5+ 47. Kd3 Kc6 48. Rb2 Kb6 49. Re2 Rd6 50. Re5 Rf6 51. h4 h5 52. d5
Kc5 53. Kc3 Rd6 54. Rxf5 Rxd5 55. Rg5 Kc6 56. f5 b4+ 57. Kc2 Rd4 58. Rxh5 Rf4
59. Kb3 Kd6 1/2-1/2

[Event "Ivy League Challenge"]
[Site "Toronto CAN"]
[Date "2023.03.25"]
[Round "3"]
[White "Jaferian, Koosha"]
[Black "Balakrishnan, Praveen"]
[Result "0-1"]
[WhiteElo "2242"]
[BlackElo "2523"]
[PlyCount "70"]
[EventDate "2023.03.24"]
[EventType "team"]
[EventRounds "5"]
[EventCountry "CAN"]
[Source "ChessMix"]
[SourceDate "2023.04.01"]
[WhiteTeam "University of Toronto - B"]
[BlackTeam "University of Chicago"]

1. d4 Nf6 2. c4 e6 3. Nf3 d5 4. Nc3 Bb4 5. cxd5 exd5 6. Bg5 h6 7. Bh4 O-O 8. e3
Bf5 9. Be2 Nbd7 10. Qb3 Qe7 11. a3 Bxc3+ 12. Qxc3 Qe6 13. Nd2 Ne4 14. Nxe4 Qxe4
15. Bg3 Qxg2 16. Rf1 Rfc8 17. b4 a5 18. f3 Bg6 19. Rf2 Qh3 20. Rc1 c6 21. Bf1
Qe6 22. Rb2 axb4 23. axb4 Nb6 24. Qb3 Ra4 25. Kf2 Rca8 26. Rc3 Ra1 27. Rd2 Rb1
28. Rb2 Rba1 29. Rd2 Na4 30. Rcc2 Bxc2 31. Qxc2 Nb6 32. e4 dxe4 33. Qxe4 R8a2
34. Rxa2 Rxa2+ 35. Be2 Nd5 0-1

[Event "Ivy League Challenge"]
[Site "Toronto CAN"]
[Date "2023.03.25"]
[Round "3"]
[White "Li, William"]
[Black "Ma, Derek"]
[Result "1/2-1/2"]
[WhiteElo "2106"]
[BlackElo "1968"]
[PlyCount "39"]
[EventDate "2023.03.24"]
[EventType "team"]
[EventRounds "5"]
[EventCountry "CAN"]
[Source "ChessMix"]
[SourceDate "2023.04.01"]
[WhiteTeam "University of Waterloo"]
[BlackTeam "University of Toronto - A"]

1. e4 c5 2. Nf3 e6 3. d4 cxd4 4. Nxd4 a6 5. Bd3 Bc5 6. Nb3 Ba7 7. Qe2 Ne7 8. c4
Nbc6 9. Be3 O-O 10. Nc3 Bxe3 11. Qxe3 d5 12. exd5 exd5 13. O-O-O Nb4 14. Bb1
Qc7 15. Qg3 Qxc4 16. Rd4 Nf5 17. Rxc4 Nxg3 18. Bxh7+ Kh8 19. hxg3 dxc4 20. Bg6+
1/2-1/2

[Event "Ivy League Challenge"]
[Site "Toronto CAN"]
[Date "2023.03.25"]
[Round "3"]
[White "Nakada, Akira"]
[Black "Gurevich, Daniel"]
[Result "0-1"]
[WhiteElo "2315"]
[BlackElo "2446"]
[PlyCount "126"]
[EventDate "2023.03.24"]
[EventType "team"]
[EventRounds "5"]
[EventCountry "CAN"]
[Source "ChessMix"]
[SourceDate "2023.04.01"]
[WhiteTeam "Harvard University"]
[BlackTeam "Princeton University"]

1. c4 e5 2. g3 Nf6 3. Bg2 d5 4. cxd5 Nxd5 5. Nf3 Nc6 6. O-O Nb6 7. b3 g6 8. Nc3
a5 9. d3 Bg7 10. Ba3 Nb4 11. Nd2 O-O 12. Nc4 Nxc4 13. bxc4 Re8 14. Qb3 Bf8 15.
Rad1 Rb8 16. Bb2 Bd7 17. a3 Nc6 18. Nb5 Bg7 19. Bc3 Bg4 20. Qb2 Qd7 21. Rd2 b6
22. f3 Be6 23. f4 Bg4 24. Kh1 Bh3 25. e4 Bxg2+ 26. Kxg2 f5 27. exf5 gxf5 28.
Rdf2 Re7 29. Re1 Qxd3 30. fxe5 Qxc4 31. Qa2 Qxa2 32. Rxa2 Rbe8 33. Rc2 Nxe5 34.
Nd4 Ng6 35. Rxe7 Nxe7 36. Ne6 Bxc3 37. Nxc7 Rd8 38. Rxc3 Rd2+ 39. Kh3 Kf7 40.
Rf3 h5 41. Rb3 Nc6 42. Rb5 Nd4 43. Rd5 Kf6 44. Nb5 Nf3 45. Rxd2 Nxd2 46. Kh4
Kg6 47. a4 Ne4 48. Kh3 Kg5 49. Kg2 f4 50. Kf3 Nd2+ 51. Ke2 fxg3 52. hxg3 Ne4
53. Kf3 Nc5 54. Nc3 Kf5 55. Ke3 Ke5 56. Kf3 Kd4 57. Nb5+ Kd3 58. Kf4 Nxa4 59.
Kg5 Nc3 60. Na7 a4 61. Kxh5 a3 62. Nc6 Nd5 63. Ne5+ Kc3 0-1

[Event "Ivy League Challenge"]
[Site "Toronto CAN"]
[Date "2023.03.25"]
[Round "3"]
[White "Shih, Matthew"]
[Black "Moses, Kole H"]
[Result "1-0"]
[WhiteElo "1976"]
[BlackElo "1829"]
[PlyCount "115"]
[EventDate "2023.03.24"]
[EventType "team"]
[EventRounds "5"]
[EventCountry "CAN"]
[Source "ChessMix"]
[SourceDate "2023.04.01"]
[WhiteTeam "University of Toronto - B"]
[BlackTeam "University of Chicago"]

1. c4 e5 2. Nc3 Nc6 3. g3 Nf6 4. Bg2 Bb4 5. Nd5 Nxd5 6. cxd5 Ne7 7. Nf3 Bd6 8.
d4 e4 9. Ne5 Nxd5 10. Qb3 c6 11. Bxe4 O-O 12. Bxd5 Qa5+ 13. Bd2 Qxd5 14. Qxd5
cxd5 15. Nd3 b6 16. Bb4 Bxb4+ 17. Nxb4 Bb7 18. Kd2 Rac8 19. b3 a5 20. Nd3 f6
21. Rhc1 Rc6 22. Nb2 Rb8 23. Na4 Kf7 24. Nc3 Ke6 25. e4 Rcc8 26. exd5+ Kd6 27.
Re1 Ba6 28. Re3 Re8 29. Rae1 Rxe3 30. fxe3 f5 31. g4 fxg4 32. e4 Rf8 33. e5+
Ke7 34. d6+ Kd8 35. d5 Rf2+ 36. Kd1 Rxh2 37. Ne4 Rh5 38. Ng3 Rh3 39. Re3 h5 40.
e6 h4 41. e7+ Ke8 42. Nf5 Rxe3 43. Nxe3 Bd3 44. Nxg4 b5 45. Ke1 b4 46. Kf2 Bb1
47. Ne3 Be4 48. Kg1 Kf7 49. Kh2 Bg6 50. Kh3 Kf6 51. Kxh4 Ke5 52. Kg5 Bf7 53.
Nf5 Kxd5 54. Nxg7 Kxd6 55. Kf6 Bg6 56. Nf5+ Bxf5 57. e8=Q Be6 58. Qa8 1-0

[Event "Ivy League Challenge"]
[Site "Toronto CAN"]
[Date "2023.03.25"]
[Round "3"]
[White "Tang, Andrew"]
[Black "Shen, Christopher"]
[Result "1/2-1/2"]
[WhiteElo "2522"]
[BlackElo "2332"]
[PlyCount "102"]
[EventDate "2023.03.24"]
[EventType "team"]
[EventRounds "5"]
[EventCountry "CAN"]
[Source "ChessMix"]
[SourceDate "2023.04.01"]
[WhiteTeam "Princeton University"]
[BlackTeam "Harvard University"]

1. d4 Nf6 2. Nf3 g6 3. Nbd2 Bg7 4. e4 d6 5. Bd3 O-O 6. O-O c5 7. c3 cxd4 8.
cxd4 e5 9. d5 a5 10. a4 Bh6 11. b3 Na6 12. Bxa6 Rxa6 13. Re1 Nh5 14. Nf1 Bxc1
15. Rxc1 Ng7 16. Rc3 f5 17. Qd2 f4 18. Rec1 Ra8 19. Qc2 Bd7 20. h3 Ne8 21. Qe2
Qe7 22. N1d2 g5 23. Nh2 Qf7 24. Nc4 Ra6 25. Na3 Qg6 26. Nb5 h5 27. Nc7 Rb6 28.
Ne6 Bxe6 29. dxe6 Ng7 30. e7 Re8 31. Qc4+ Qe6 32. Qc7 Rxb3 33. Rxb3 Qxb3 34.
Nf3 Qe6 35. Qxb7 g4 36. Ng5 Qxe7 37. Qd5+ Ne6 38. h4 Kf8 39. Nxe6+ Qxe6 40.
Qxa5 Rc8 41. Rb1 Qc4 42. Qb6 Qc6 43. Qb4 Qc5 44. a5 Qxb4 45. Rxb4 Rc1+ 46. Kh2
Ra1 47. Rb8+ Kg7 48. Rb7+ Kg6 49. Rd7 Rxa5 50. Rxd6+ Kg7 51. Rd7+ Kg6 1/2-1/2

[Event "Ivy League Challenge"]
[Site "Toronto CAN"]
[Date "2023.03.25"]
[Round "3"]
[White "Turgut, Aydin"]
[Black "Wang, Wesley"]
[Result "1/2-1/2"]
[WhiteElo "2327"]
[BlackElo "2312"]
[PlyCount "82"]
[EventDate "2023.03.24"]
[EventType "team"]
[EventRounds "5"]
[EventCountry "CAN"]
[Source "ChessMix"]
[SourceDate "2023.04.01"]
[WhiteTeam "Princeton University"]
[BlackTeam "Harvard University"]

1. e4 e5 2. Nf3 Nc6 3. Bc4 Nf6 4. d3 Bc5 5. c3 d6 6. O-O a6 7. Bb3 Ba7 8. Nbd2
h6 9. Re1 g5 10. Nf1 g4 11. N3d2 h5 12. Nc4 h4 13. Be3 Bd7 14. Bxa7 Nxa7 15. d4
Qe7 16. f4 gxf3 17. Qxf3 O-O-O 18. Nfe3 Kb8 19. Rf1 Nh5 20. Nd5 Qg5 21. dxe5
dxe5 22. Qe3 Qg7 23. Nxc7 Rhg8 24. Rf2 Nf4 25. Kh1 Bc6 26. Qb6 Nc8 27. Nxa6+
Ka8 28. Nc7+ Kb8 29. Na6+ Ka8 30. Qc7 Ka7 31. Qa5 Bxe4 32. Nc5+ Kb8 33. Nxe4
Nd3 34. Rg1 h3 35. Ne3 Nxf2+ 36. Nxf2 hxg2+ 37. Rxg2 Qf6 38. Nfg4 Rxg4 39. Nxg4
Qf1+ 40. Rg1 Qf3+ 41. Rg2 Qf1+ 1/2-1/2

[Event "Ivy League Challenge"]
[Site "Toronto CAN"]
[Date "2023.03.25"]
[Round "4"]
[White "Balakrishnan, Praveen"]
[Black "Zhao, Ian"]
[Result "1/2-1/2"]
[WhiteElo "2523"]
[BlackElo "2307"]
[PlyCount "53"]
[EventDate "2023.03.24"]
[EventType "team"]
[EventRounds "5"]
[EventCountry "CAN"]
[Source "ChessMix"]
[SourceDate "2023.04.01"]
[WhiteTeam "University of Chicago"]
[BlackTeam "University of Waterloo"]

1. c4 Nf6 2. Nc3 g6 3. e4 d6 4. g3 Bg7 5. Bg2 c5 6. Nge2 e5 7. O-O O-O 8. d3
Nc6 9. h3 Ne8 10. Be3 Nc7 11. f4 exf4 12. Nxf4 Ne6 13. Nfd5 Ncd4 14. Qd2 f6 15.
Rf2 a6 16. Raf1 Ra7 17. Bh6 b5 18. Bxg7 Kxg7 19. Rxf6 Rxf6 20. Rxf6 b4 21. Nd1
Bb7 22. Rf1 Bxd5 23. cxd5 Ng5 24. Ne3 Rf7 25. Rxf7+ Nxf7 26. Nc2 Qf6 27. Ne1
1/2-1/2

[Event "Ivy League Challenge"]
[Site "Toronto CAN"]
[Date "2023.03.25"]
[Round "4"]
[White "Chen, Richard"]
[Black "Chandran, Kapil"]
[Result "1/2-1/2"]
[WhiteElo "2272"]
[BlackElo "2361"]
[PlyCount "44"]
[EventDate "2023.03.24"]
[EventType "team"]
[EventRounds "5"]
[EventCountry "CAN"]
[Source "ChessMix"]
[SourceDate "2023.04.01"]
[WhiteTeam "University of Waterloo"]
[BlackTeam "University of Chicago"]

1. e4 c5 2. Nf3 e6 3. d4 cxd4 4. Nxd4 a6 5. c4 Nf6 6. Nc3 Bb4 7. Qd3 Qc7 8. a3
Bxc3+ 9. Qxc3 O-O 10. Bd3 d6 11. O-O e5 12. Ne2 Be6 13. Bg5 Nbd7 14. f3 Rfc8
15. Rfc1 b5 16. b3 bxc4 17. Bxc4 Bxc4 18. bxc4 Rab8 19. Be3 Nc5 20. Rab1 Nfd7
21. Rb4 Ne6 22. Rcb1 Ra8 1/2-1/2